000 00548nam a2200181Ia 4500
003 GCL
008 140319s9999 xx 000 0 ara d
040 _aGCL /
_cGCL
082 0 4 _a320.962
_bك هـ
100 1 _aكمال محمد على
245 1 0 _aهيكل المملكة والظل والتاريخ /
_cكمال محمد على
260 _a[S.N] :
_bلجنة الاعلام والدراسات المستقبلية
300 _a140 ص
490 _a
650 0 4 _aمصر
650 0 4 _aالاحوال السياسية
942 _2ddc
_cBK
999 _c36405
_d36405